Statistics for 20 Cities on a World Map #2

Click here to take the quiz!

General Stats

  • This quiz has been taken 696 times
  • The average score is 18 of 20

Answers on the Map

Answers color-coded by a green-red scale on the quiz's map according to % correct below.
Loading ...
 

Answer Stats

City% Correct
Miami
99%
Los Angeles
97%
Panama City
97%
Rio de Janeiro
96%
Manila
95%
Glasgow
94%
Milan
93%
Taipei
93%
Casablanca
92%
Mumbai
92%
Vancouver
92%
Nairobi
87%
Dhaka
85%
Ho Chi Minh City
85%
Damascus
82%
Baku
80%
Guangzhou
77%
Christchurch
74%
Luxor
70%
Sapporo
69%

Score Distribution

Percentile by Number Answered

Percent of People with Each Score

Your Score History

You have not taken this quiz